00918nam a22002417a 450000500170000001000130001702000220003003500130005203700160006504000120008108200160009310000230010924501370013226000470026927000550031630000240037150000510039565000430044665000200048994200250050999900190053495201230055320170124110100.0 aA-722546 c00.00a0195634160 aA-722546 bCen Lib/Ret aDPLbEN a954.01bROY aRoy, Kumkum927056 aThe emergence of monarchy in north India eight-forurth centuries B.C. :cby Kumkum Roy bas reflected in the brahmanical tradition / bOxford University Press aNew Delhi c1994 bNew Delhi aYMCA building, jai singh road e110001 axi, 344p.c21cm(Hb) aIncludes bibliographical references and index  aPolitics and governmentzIndia 915092 aMonarchy927057 2ddccENh954.01mROY c129662d129662 00104070aLbLd2015-07-07eCen Lib/Retg0.00l0o954.01 ROYpA-722546r2015-07-07 00:00:00t1v0.00w2015-07-07yEN